| 000 | 01030nam0a22002651 4500 | ||
|---|---|---|---|
| 001 | rc\2680056 | ||
| 005 | 20250623154701.0 | ||
| 035 | _a(NLR Aleph) 006808455 | ||
| 090 |
_a6317882 _c6317882 |
||
| 100 | _a20110915d1932 |||y0rusy50 ca | ||
| 101 | 0 | _arus | |
| 102 | _aRU | ||
| 105 | _aa z ||||| | ||
| 200 | 1 |
_aЧто нужно знать о фрезах _eС 47 рис. _fК. И. Ковалев, рабочий Завода № 4 |
|
| 210 |
_aМосква _aЛенинград _cОгиз - Гос. науч.-техн. изд-во _d1932 _eЛенинград _gтип. им. Бухарина |
||
| 215 |
_a16 с. _cчерт. _d20х13 см. |
||
| 225 | 1 |
_aЗа рабочим станком. Для рабочих средней квалификации _v№ 178 |
|
| 300 | _aОбложка: Л. Хижинский | ||
| 700 | 1 |
_aКовалев _bК.И. _gКонстантин Иванович |
|
| 801 | 0 |
_aRU _bNLR _gpsbo |
|
| 801 | 1 |
_aRU _bELAR _2rusmarc |
|
| 852 |
_aNLR _j32-8/3498 |
||
| 942 | _cBOOK | ||
| 980 | _aNB | ||